000 00760nam a2200289Ia 4500
005 20260324113958.0
008 008 260324s9999 xx 000 0 eng d
020 _a9781003167303
037 _aEBOOK
040 _aCRL
040 _beng
040 _cCRL
041 _2eng
041 _aeng
084 _qCRL
100 _aKryss Shane
_91148941
245 4 _aThe Medical Professional's Guide to LGBT+ Inclusion
245 0 _bCreating a Workplace Culture that Nurtures a Welcoming, Inclusive, and Affirming Environment
260 _bTaylor and Francis
260 _c2023
365 _a
365 _b220
856 _uhttp://www.taylorfrancis.com/books/9781003167303
942 _cEBOOK
999 _c1738881
_d1738881